000 00284nam a2200109 a 4500
005 20141022142009.0
008 120229s19uu xx 00 eng d
050 _aCD
_bD88 2007
245 _aWorking with parents of children special education needs.
260 _c2007.
942 _cAVM
999 _c276669
_d276669